Datt & Sundharam's Indian Economy/ (Record no. 207579)

MARC details
000 -LEADER
fixed length control field 00786nam a22002297a 4500
005 - DATE AND TIME OF LATEST TRANSACTION
control field 20250929162300.0
010 ## - LCCN (DPL NO)
LC control number DEC24SC ENG-142948 ENG-143952 ENG-146907
020 ## - INTERNATIONAL STANDARD BOOK NUMBER
International Standard Book Number 9789358704815
Terms of availability 799.00
035 ## - SYSTEM CONTROL NUMBER
System control number EN-126480
035 ## - SYSTEM CONTROL NUMBER
System control number EN-127484
035 ## - SYSTEM CONTROL NUMBER
System control number EN-130439
037 ## - SOURCE OF ACQUISITION
Source of stock number/acquisition DBAD
082 ## - DEWEY DECIMAL CLASSIFICATION NUMBER
Classification number 330.954
Edition number 73
100 ## - MAIN ENTRY--PERSONAL NAME
Personal name Datt, Gaurav
245 ## - TITLE STATEMENT
Title Datt & Sundharam's Indian Economy/
Statement of responsibility, etc By Gaurav Datt [and] Biswajit Nag
250 ## - EDITION STATEMENT
Edition statement 73
260 ## - PUBLICATION, DISTRIBUTION, ETC. (IMPRINT)
Place of publication, distribution, etc New Delhi
Name of publisher, distributor, etc S Chand and Company Limited
Date of publication, distribution, etc 2024
270 ## - ADDRESS
Address A-27, 2nd Floor, Mohan Co-operative Industrial Estate
City New Delhi
Postal code 110044
Electronic mail address info@schandpublishing.com
Telephone number 011-49731800
300 ## - PHYSICAL DESCRIPTION
Extent xx,747p.
Dimensions 23cm(pb)
700 ## - ADDED ENTRY--PERSONAL NAME
Personal name Nag, Biswajit
Relator term Author
9 (RLIN) 74974
942 ## - ADDED ENTRY ELEMENTS (KOHA)
Source of classification or shelving scheme Dewey Decimal Classification
Item type English Books
Classification part 330.954
Call number suffix DAT
Edition 73
Holdings
Withdrawn status Lost status Not for loan Collection code Home library Current library Date acquired Source of acquisition Cost, normal purchase price Full call number Barcode Copy number Cost, replacement price Koha item type
      Non-fiction Central Library Central Library 04/03/2025 Delivery of Books Act Division 799.00 330.954 DAT EN-127484 1 799.00 English Books
      Non-fiction Mobile Library Mobile Library 29/09/2025 Delivery of Books Act Division 799.00 330.954 DAT EN-130439 1 799.00 English Books
      Non-fiction Sarojini Nagar Sarojini Nagar 11/12/2024 Delivery of Books Division 799.00 330.954 DAT EN-126480 1 799.00 English Books

© Delhi Public Library
Hit Counter
free hit counter